|
|
|
|
| LEADER |
00687nam a22002051a 4500 |
| 020 |
|
|
|a 9780816041428
|c 0.00
|
| 040 |
|
|
|a SSUS - Library - Kalady
|
| 082 |
|
|
|a 616.83
|b CAR/U
|
| 100 |
|
|
|a Carol Turkington
|
| 245 |
|
|
|a Understanding memory : the sourcebook for memory and memory disorders
|h [Text]
|
| 260 |
|
|
|a Newyork
|b Checkmark Books
|c 2001
|
| 300 |
|
|
|a 310p.
|
| 600 |
|
|
|a Memory Disorders
|
| 600 |
|
|
|a Medicine
|
| 600 |
|
|
|a Memory
|
| 700 |
|
|
|a Joseph R Harris
|
| 852 |
|
|
|h 616.83
|i CAR/U
|p 061876
|9 811.90
|t 0
|
| 942 |
|
|
|c BK
|
| 999 |
|
|
|c 48080
|d 48080
|
| 952 |
|
|
|0 0
|1 0
|4 0
|6 616_830000000000000_CAR_U
|7 0
|9 69628
|a SSUS
|b SSUS
|d 2015-01-08
|g 811.90
|o 616.83 CAR/U
|p 061876
|r 2015-06-18
|v 0.00
|w 2015-01-08
|y BK
|